| 000 | 02072nam a2200229Ia 4500 | ||
|---|---|---|---|
| 003 | Ost | ||
| 005 | 20260507075222.0 | ||
| 008 | 260507s9999||||xx |||||||||||||| ||und|| | ||
| 040 | _cfsecg | ||
| 041 | _aara | ||
| 082 | _a330 | ||
| 100 |
_aعبيدات، محمد ابراهيم _eمؤلف |
||
| 245 | 0 |
_aالتسويق المباشر و العلاقات العامة / _c محمد ابراهيم عبيدات |
|
| 260 |
_aعمان: _bدار وائل, _c2009 |
||
| 300 |
_a300 صفحة؛ _c24 سم |
||
| 504 | _aمراجع ص.285 | ||
| 520 | _aمقدمة في التسويق المباشر ، البريد المباشر : الاهداف و المكونات و الاعتبارات ، الاشكال الاعلانية المطولة و تصميمها و تنظيمها ، الاشكال الاعلانية القصيرة ، السجلات و البطاقات و الوسائل البديلة ، ، اعلانات التسويق المباشر : الاحجام و الانوا ع و الوسائل و التصميم و التنفيذ ، التسويق المباشر الالكتروني (الاذاعة و التلفزيون و التسويق عن بعد )، التسويق المباشر و الانترنيت ، تطبيقات التسويق المباشر للمستهلكين و المشروعات ، التسويق المباشر للخدمات و المعلومات ، تسويق قواعد البيانات و الترويج للاستفسارات ، التسويق المباشر للمؤسسات غير الربحية و قياس النتائج ، قياس نتائج التسويق المباشر و متابعتها ، نشأة و تطور العلاقات العامة و التسويق المباشر ، التنظيم الداخلي للعلاقات العامة ، تخطيط العلاقات العامة في المؤسسات ، العلاقات العامة في القطاعين العام و الخاص . | ||
| 653 | _aأدارة المبيعات | ||
| 653 | _aالتسويق | ||
| 653 | _aالعلاقات العامة | ||
| 942 | _cكتاب | ||
| 999 |
_c43525 _d43525 |
||